00289nam a2200097Ia 4500008004100000100001900041245005500060260002200115300001100137650004300148190216s9999||||xx |||||||||||||| ||und|| aVenkataraman R 0a"Pulse,Digital Circuits And Computer Fundamentals" bDhanpat Raic1989 a6.109p a"Computer Programming. Programs, Data"